Establishment of sports apparel and accessories shop in Barangay Sampaloc Tanay, Rizal / (Record no. 16874)

MARC details
000 -LEADER
fixed length control field 01470nam a22002897i 4500
003 - CONTROL NUMBER IDENTIFIER
control field URS
005 - DATE AND TIME OF LATEST TRANSACTION
control field 20220117151126.0
008 - FIXED-LENGTH DATA ELEMENTS--GENERAL INFORMATION
fixed length control field 171208b xxu||||| |||| 00| 0 eng d
050 14 - LIBRARY OF CONGRESS CALL NUMBER
Classification number HD 30.24
Item number Es64 2016
100 1# - MAIN ENTRY--PERSONAL NAME
Personal name Espedido, Paolo Garcia,
Relator term author
245 10 - TITLE STATEMENT
Title Establishment of sports apparel and accessories shop in Barangay Sampaloc Tanay, Rizal /
Statement of responsibility, etc. Paolo Garcia Espedido, Mariel Datuin Vinluan
260 #1 - PUBLICATION, DISTRIBUTION, ETC.
Date of publication, distribution, etc. 2016.
300 ## - PHYSICAL DESCRIPTION
Extent xix, 120 leaves :
Other physical details illustrations (some colour) ;
Dimensions 28 cm
336 ## - CONTENT TYPE
Source rdacontent
Content type term text
336 ## - CONTENT TYPE
Source rdacontent
Content type term still image
337 ## - MEDIA TYPE
Source rdamedia
Media type term unmediated
338 ## - CARRIER TYPE
Source rdacarrier
Carrier type term volume
502 ## - DISSERTATION NOTE
Dissertation note Feasibility study
Degree type Bachelor of Science in Business Administration
Name of granting institution University of Rizal System
Year degree granted 2016
504 ## - BIBLIOGRAPHY, ETC. NOTE
Bibliography, etc. note Includes bibliographical references.
520 ## - SUMMARY, ETC.
Summary, etc. To renovate the space for the business operation, the proponents will hire two (2) laborers to meet the necessary requirements of the business. Before the actual opening of the business, they will conduct a promotional activity to launch the business, acquire machinery and equipment, purchase of safety accessories and fabrics and sewing materials, hire and train workers and register to the government to legally start the business.
650 #0 - SUBJECT ADDED ENTRY--TOPICAL TERM
Topical term or geographic name entry element Feasibility studies
650 #0 - SUBJECT ADDED ENTRY--TOPICAL TERM
Topical term or geographic name entry element Sport clothes
651 #0 - SUBJECT ADDED ENTRY--GEOGRAPHIC NAME
Geographic name Sporting goods
700 1# - ADDED ENTRY--PERSONAL NAME
Personal name Vinluan, Mariel Datuin
Relator term author
700 1# - ADDED ENTRY--PERSONAL NAME
Personal name De leon, Rosalio Q.
Relator term degree supervisor
942 ## - ADDED ENTRY ELEMENTS (KOHA)
Source of classification or shelving scheme Library of Congress Classification
Koha item type Theses and dissertations
Holdings
Withdrawn status Source of classification or shelving scheme Damaged status Not for loan Collection code Home library Current library Shelving location Date acquired Total Checkouts Full call number Barcode Date last seen Price effective from Koha item type
  Library of Congress Classification     Non-fiction Tanay College Library Tanay College Library General Stacks 12/08/2017   HD 30.24 Es64 2016 URSTAN-UGT4041 07/06/2023 12/08/2017 Theses and dissertations

University of Rizal System
Email us at univlibservices@urs.edu.ph

Visit our Website www.urs.edu.ph/library